Nguyễn Khải - về tác gia và tác phẩm
Tập hợp các bài nghiên cứu, phê bình của các nhà nghiên cứu, nhà văn bàn về nội dung tư tưởng, giá trị nghệ thuật trong sáng tác của Nguyễn Khải từ những năm 60 của thế kỷ XX đến nay, đặc biệt là phân tích các tác phẩm tiêu biểu gắn với từng thời kỳ lịch sử của đất nước như "Xung đột", &qu...
Gardado en:
| Autor Principal: | |
|---|---|
| Outros autores: | , , , , |
| Formato: | Libro |
| Idioma: | Vietnamese |
| Publicado: |
Hà Nội
Giáo dục
2004
|
| Edición: | Tái bản lần thứ 1 |
| Những chủ đề: | |
| Các nhãn: |
Engadir etiqueta
Sen Etiquetas, Sexa o primeiro en etiquetar este rexistro!
|
| Thư viện lưu trữ: | Mạng thư viện Đại học Đà Nẵng |
|---|
| LEADER | 01832nam a2200397 4500 | ||
|---|---|---|---|
| 001 | 000004190 | ||
| 003 | 321 | ||
| 005 | 20121211001201.0 | ||
| 008 | 110718s2004 viesd | ||
| 020 | |c 38800đ | ||
| 041 | 0 | |a vie | |
| 082 | |a 895.9223 |b NG-K | ||
| 100 | 0 | |a Nguyễn Khải | |
| 245 | 0 | |a Nguyễn Khải - về tác gia và tác phẩm |c Hà Công Tài, Phan Diễm Phương tuyển chọn và giới thiệu | |
| 250 | |a Tái bản lần thứ 1 | ||
| 260 | |a Hà Nội |b Giáo dục |c 2004 | ||
| 300 | |a 463tr. |b ảnh chân dung |c 24cm | ||
| 520 | |a Tập hợp các bài nghiên cứu, phê bình của các nhà nghiên cứu, nhà văn bàn về nội dung tư tưởng, giá trị nghệ thuật trong sáng tác của Nguyễn Khải từ những năm 60 của thế kỷ XX đến nay, đặc biệt là phân tích các tác phẩm tiêu biểu gắn với từng thời kỳ lịch sử của đất nước như "Xung đột", " Mùa lạc" , "Người trở về"... ngoài ra còn có danh mục tác phẩm và thư mục các bài nghiên cứu về Nguyễn Khải. | ||
| 653 | |a VHVN | ||
| 653 | |a Nguyễn Khải; 1930 - 2008 | ||
| 700 | |a Phan Cự Đệ | ||
| 700 | |a Nguyễn Văn Hạnh | ||
| 700 | |a Chu Nga | ||
| 700 | |a Trần Đình Sử | ||
| 700 | |a Lại Nguyên Ân | ||
| 910 | |a Huỳnh Thị Cẩm Lai |d 18/07/2011 | ||
| OWN | |a LSP | ||
| AVA | |a UDN50 |b LSP |d 895.9223 NG-K |e available |t Error 5001 Not defined in file expand_doc_bib_avail. |f 3 |g 0 |h N |i 0 |k 1 | ||
| 999 | |a From the UDN01 | ||
| AVA | |a UDN50 |b LSP |d 895.9223 NG-K |e available |t Error 5001 Not defined in file expand_doc_bib_avail. |f 3 |g 0 |h N |i 0 |k 1 | ||
| TYP | |a Monograph | ||
| TYP | |a Printed language | ||
| 980 | |a Mạng thư viện Đại học Đà Nẵng | ||